Подробности
| 000 -МАРКЕР |
| контрольное поле |
02460nam0a2200481 4500 |
| 001 - ИДЕНТИФИКАТОР ЗАПИСИ |
| контрольное поле |
RU\NLR\bibl\1826057 |
| 005 - ИДЕНТИФИКАТОР ВЕРСИИ |
| контрольное поле |
20260406163809.0 |
| 010 ## - МЕЖДУНАРОДНЫЙ СТАНДАРТНЫЙ НОМЕР КНИГИ (ISBN) |
| Номер (ISBN) |
978-5-88210-586-9 |
| Тираж |
1000 |
| 021 ## - НОМЕР ГОСУДАРСТВЕННОЙ РЕГИСТРАЦИИ |
| Код страны |
российская федерация |
| Номер |
2011-75842 |
| Номер Листа государственной регистраци |
5391 |
| 035 ## - ДРУГИЕ СИСТЕМНЫЕ НОМЕРА |
| Идентификатор записи |
(nilc)RSL-KNO-005032172 |
| 035 ## - ДРУГИЕ СИСТЕМНЫЕ НОМЕРА |
| Идентификатор записи |
(NLR Aleph) 001816583 |
| 100 ## - ДАННЫЕ ОБЩЕЙ ОБРАБОТКИ |
| Данные общей обработки |
20111003d2011 |||y0rusy50 ca |
| 101 0# - ЯЗЫК РЕСУРСА |
| Язык текста, звукозаписи и т.д. |
русский |
| 102 ## - СТРАНА ПУБЛИКАЦИИ ИЛИ ПРОИЗВОДСТВА |
| Страна публикации |
российская федерация |
| 105 ## - ПОЛЕ КОДИРОВАННЫХ ДАННЫХ: ТЕКСТОВЫЕ МАТЕРИАЛЫ, МОНОГРАФИЧЕСКИЕ |
| Кодированные данные о монографическом текстовом документе |
y ||||||||| |
| 200 1# - ЗАГЛАВИЕ И СВЕДЕНИЯ ОБ ОТВЕТСТВЕННОСТИ |
| Основное заглавие |
Жизнетворчество как метатекст: Мандельштам - Зощенко - Пришвин (30-40-е гг.) |
| Сведения, относящиеся к заглавию |
монография |
| Первые сведения об ответственности |
Е.А. Худенко |
| Последующие сведения об ответственности |
М-во образования и науки РФ, Гос. образоват. учреждение высш. проф. образования "Алтайск. гос. пед. акад." |
| 210 ## - ПУБЛИКАЦИЯ, РАСПРОСТРАНЕНИЕ И ДР. |
| Место издания, распространения и т.д. |
Барнаул |
| Имя издателя, распространителя и т. д. |
АлтГПА |
| Дата издания, распространения и т.д. |
2011 |
| 215 ## - ФИЗИЧЕСКАЯ ХАРАКТЕРИСТИКА |
| Специфическое обозначение материала и объем |
165 с. |
| Размеры |
21 |
| 320 ## - ПРИМЕЧАНИЯ О НАЛИЧИИ В ДОКУМЕНТЕ БИБЛИОГРАФИИ / УКАЗАТЕЛЯ |
| Текст примечания |
Библиогр.: с. 153-165 и в подстроч. примеч. |
| 600 #1 - ИМЯ ЛИЦА КАК ПРЕДМЕТ |
| Начальный элемент ввода |
Мандельштам |
| Часть имени, кроме начального элемента ввода |
О. Э. |
| Даты |
1891 - 1938 |
| Расширение инициалов личного имени |
Осип Эмильевич |
| Системный номер авторитетной/нормативной записи |
1523629 |
| Идентификатор авторитетной/нормативной записи |
RU\NLR\auth\66662692 |
| 600 #1 - ИМЯ ЛИЦА КАК ПРЕДМЕТ |
| Начальный элемент ввода |
Зощенко |
| Часть имени, кроме начального элемента ввода |
М. М. |
| Даты |
1894 - 1958 |
| Расширение инициалов личного имени |
Михаил Михайлович |
| Системный номер авторитетной/нормативной записи |
1147354 |
| Идентификатор авторитетной/нормативной записи |
RU\NLR\auth\66457493 |
| 600 #1 - ИМЯ ЛИЦА КАК ПРЕДМЕТ |
| Начальный элемент ввода |
Пришвин |
| Часть имени, кроме начального элемента ввода |
М. М. |
| Даты |
1873 - 1954 |
| Расширение инициалов личного имени |
Михаил Михайлович |
| Системный номер авторитетной/нормативной записи |
1968242 |
| Идентификатор авторитетной/нормативной записи |
RU\NLR\auth\66901672 |
| 606 1# - НАИМЕНОВАНИЕ ТЕМЫ КАК ПРЕДМЕТ |
| Наименование темы |
Метатекст в литературе |
| Системный номер авторитетной/нормативной записи |
2410293 |
| Идентификатор авторитетной/нормативной записи |
RU\NLR\auth\661436156 |
| 686 ## - ИНДЕКСЫ ДРУГИХ КЛАССИФИКАЦИЙ |
| Индекс |
Ш5(2=Р)7-4Мандельштам О.Э.23,0 |
| Код системы |
|
| 686 ## - ИНДЕКСЫ ДРУГИХ КЛАССИФИКАЦИЙ |
| Индекс |
Ш5(2=Р)7-4Зощенко М.М.23,0 |
| Код системы |
|
| 686 ## - ИНДЕКСЫ ДРУГИХ КЛАССИФИКАЦИЙ |
| Индекс |
Ш5(2=Р)7-4Пришвин М.М.23,0 |
| Код системы |
|
| 686 ## - ИНДЕКСЫ ДРУГИХ КЛАССИФИКАЦИЙ |
| Индекс |
Ш5(2=Р)7-4Мандельштам |
| 686 ## - ИНДЕКСЫ ДРУГИХ КЛАССИФИКАЦИЙ |
| Индекс |
Ш5(2=Р)7-4Зощенко |
| 686 ## - ИНДЕКСЫ ДРУГИХ КЛАССИФИКАЦИЙ |
| Индекс |
Ш5(2=Р)7-4Пришвин |
| 686 ## - ИНДЕКСЫ ДРУГИХ КЛАССИФИКАЦИЙ |
| Индекс |
Ш401.4 |
| 700 #1 - ИМЯ ЛИЦА - ПЕРВИЧНАЯ ОТВЕТСТВЕННОСТЬ |
| Начальный элемент ввода |
Худенко |
| Часть имени, кроме начального элемента ввода |
Е. А. |
| Расширение инициалов личного имени |
Елена Анатольевна |
| Код отношения |
Автор |
| 702 #1 - ИМЯ ЛИЦА - ВТОРИЧНАЯ ОТВЕТСТВЕННОСТЬ |
| Код отношения |
Прочие |
| Материалы, к которым относится поле |
rus |
| Графика поля |
Кириллица |
| Начальный элемент ввода |
Мандельштам |
| Часть имени, кроме начального элемента ввода |
О. Э. |
| Даты |
1891-1938 |
| Расширение инициалов личного имени |
Осип Эмильевич |
| Идентификатор авторитетной/нормативной записи |
RU\NLR\auth\77504 |
| Системный номер авторитетной/нормативной записи |
110553 |
| 702 #1 - ИМЯ ЛИЦА - ВТОРИЧНАЯ ОТВЕТСТВЕННОСТЬ |
| Код отношения |
Прочие |
| Материалы, к которым относится поле |
rus |
| Графика поля |
Кириллица |
| Начальный элемент ввода |
Зощенко |
| Часть имени, кроме начального элемента ввода |
М. М. |
| Даты |
1894-1958 |
| Расширение инициалов личного имени |
Михаил Михайлович |
| Идентификатор авторитетной/нормативной записи |
RU\NLR\auth\7710334 |
| Системный номер авторитетной/нормативной записи |
120112 |
| 702 #1 - ИМЯ ЛИЦА - ВТОРИЧНАЯ ОТВЕТСТВЕННОСТЬ |
| Код отношения |
Прочие |
| Материалы, к которым относится поле |
rus |
| Графика поля |
Кириллица |
| Начальный элемент ввода |
Пришвин |
| Часть имени, кроме начального элемента ввода |
М. М. |
| Даты |
1873-1954 |
| Расширение инициалов личного имени |
Михаил Михайлович |
| Идентификатор авторитетной/нормативной записи |
RU\NLR\auth\7724538 |
| Системный номер авторитетной/нормативной записи |
7589 |
| 801 #0 - ИСТОЧНИК ЗАПИСИ |
| Страна |
российская федерация |
| Организация |
RuMoRKP |
| Дата составления |
20111003 |
| Правила каталогизации |
rcr |
| 801 #1 - ИСТОЧНИК ЗАПИСИ |
| Страна |
российская федерация |
| Организация |
РГБ |
| Дата составления |
20111003 |
| 801 #2 - ИСТОЧНИК ЗАПИСИ |
| Страна |
российская федерация |
| Организация |
NLR |
| Дата составления |
20111028 |
| Правила каталогизации |
rcr |
| 830 ## - ОБЩЕЕ ПРИМЕЧАНИЕ, СОСТАВЛЕННОЕ КАТАЛОГИЗАТОРОМ |
| Текст примечания |
Авт. по кн. |
| 942 ## - ДОПОЛНИТЕЛЬНЫЕ ЭЛЕМЕНТЫ ЗАПИСИ (АБИС) |
| Тип экземпляра АБИС |
Книга |
| 980 ## - КОЛЛЕКЦИЯ |
| Название коллекции |
Национальная библиография |
| 980 ## - КОЛЛЕКЦИЯ |
| Название коллекции |
НБР |